| 000 | 00828nam a2200265 u 4500 | ||
|---|---|---|---|
| 999 |
_c63668 _d63668 |
||
| 001 | 63668 | ||
| 003 | Mx-PuUPA | ||
| 005 | 20250221103524.0 | ||
| 008 | 151016s1993 mx r 000 0 spa d | ||
| 020 | _a9682318904 | ||
| 040 |
_erda _aMx-PuUPA _bspa _cMx-PuUPA _dMx-PuUPA |
||
| 041 | 0 | _aspa | |
| 100 | 1 |
_aOtero, Lisandro, _d1932-2008 _eautor _94043 |
|
| 245 | 1 | 3 |
_aLa utopía cubana desde adentro : _b¿a dónde va Cuba hoy? / _cpor Lisandro Otero. |
| 250 | _aPrimera edición | ||
| 264 | 1 |
_aMéxico, D.F. : _bSiglo veintiuno Editores, _c1993 |
|
| 300 |
_a133 páginas ; _c23 cm. |
||
| 336 |
_atexto _2rdacontent _btxt |
||
| 337 |
_asin mediación _2rdamedia _bn |
||
| 338 |
_atexto _2rdacontent _bnc |
||
| 490 | 0 | _aSociología y política | |
| 651 | 4 |
_aCuba _xPolítica y gobierno |
|
| 942 |
_2ddc _cLI |
||